000 nam a22 a 4500
999 _c435851
_d435851
003 BLK
005 20220314085559.0
008 180411b bul|||||r ||||||| ||bul||
010 _aKNG00196601000
020 _a9786190107958
040 _aBLK
041 _aBUL
_cBUL
080 _aБългарска литература
_b821.163.2
_x-94
_z821.163.2-94
080 _aБългария (1878-1914)
_b94(497.2)"1878/1914"
_x(093)
_z94(497.2)"1878/1914"(093)
100 1 _aСилянов, Христо Иванов
_eпърви автор
_9380681
139 _aСилянов, Христо Иванов
_bС 36
245 1 0 _aПисма и изповеди на един четник (1902)
_cХристо Силянов
257 _aBGR
260 _aСофия
_bИзток-Запад
_c2021
_9210881
_n978-619-01- ; 978-619-152- ; 978-954-321- ; 954-8945-
300 _a208 с.
_bил., портр.
_c22 см
380 _aX
650 4 _aВМРО - спомени
_9261003
852 _bП
_c821.163.2-9/С 36 Х
852 _bЦб
_aЦб 311441
942 _cKNG
_n0
_03
_s1
944 _aCR
_c2021-11-05
_kГГГ
999 _d435851